000 01124nam a2200229Ia 4500
999 _c39643
_d39643
001 6243
003 GE_BSU
005 20200218164321.0
008 181216s20 ||||ge |||||||||||||| ||geo||
020 _a9789941441189
040 _cGE_BSU
080 _a821.133.1-31 დ-55
100 _aდიურასი, მარგერიტ.
_97090
245 _aტარკვინიის პატარა ცხენები :
_bრომანი.
_cმარგერიტ დიურასი ; ფრანგ. თარგმნა გიორგი ძნელაძემ ; რედ. თამარ ნინიკაშვილი.
264 _aთბილისი :
_bკლიო,
_c2012.
300 _a240 გვ. ;
_c17 სმ.
653 _aტარკვინიის პატარა ცხენები
653 _aრომანი
700 _a ძნელაძე, გიორგი
_eფრანგულიდან თარგმნა
_97139
700 _a ნინიკაშვილი, თამარ
_eრედაქტორი
_97140
942 _cBK
_2udc